00446cam a2200145 4500001001100000008004100011035001500052100002800067245007400095250001100169260003100180300002700211440002500238650003700263BUCI008679 s1969 uy a spa  aBUCI0086791 aMéndez Vives, Enrique13aLa Gente y las cosas en el Uruguay de 1830 /cEnrique Méndez Vives. a2a ed. aMontevideo :bTauro,c1969 a99 p. :bil. ;c24 cm. 0a"El candil" ;vno. 1 4aTradiciones xHistoria zUruguay